[Event "CHN-chT Div A Finals"]
[Site "Nanjing"]
[Date "2023.12.03"]
[Round "2.28"]
[White "Xie, Kaifan"]
[Black "Chen, Yuan1"]
[Result "1-0"]
[WhiteElo "2382"]
[BlackElo "2039"]
[PlyCount "67"]
[EventDate "2023.12.02"]
[EventType "team-tourn"]
[EventRounds "10"]
[EventCountry "CHN"]
[SourceTitle "CB50_2023"]
[SourceDate "2023.12.13"]
[SourceVersion "1"]
[SourceVersionDate "2023.12.13"]
[SourceQuality "1"]
[WhiteTeam "Hangzhou Yizhan"]
[BlackTeam "Zhejiang Shaoxing"]
[WhiteTeamCountry "CHN"]
[BlackTeamCountry "CHN"]

1. d4 Nf6 2. c4 e6 3. Nf3 d5 4. Nc3 Bb4 5. cxd5 exd5 6. Bg5 h6 7. Bh4 0-0 8. e3 c5 9. dxc5 Nbd7 10. Be2 Bxc3+ 11. bxc3 Nxc5 12. 0-0 Nce4 13. Qd4 Qa5 14. Rfc1 Bg4 15. Bd3 Rac8 16. Ne5 Be6 17. f3 g5 18. Be1 Nc5 19. Bc2 Qa6 20. h4 Ncd7 21. hxg5 hxg5 22. Bg3 Qb6 23. Qd3 Rfe8 24. Rab1 Qc5 25. Rxb7 Qa3 26. Qd2 Nf8 27. Rb3 Qc5 28. Nd3 Qa5 29. Be5 N8d7 30. Bd4 Kg7 31. Ne5 Nc5 32. e4 Kf8 33. Qxg5 Qd8 34. Qh6+ 1-0

[Event "Budapest FS11 GM"]
[Site "Budapest"]
[Date "2023.11.14"]
[Round "9"]
[White "Setyaki, Azarya Jodi"]
[Black "Xie, Kaifan"]
[Result "1/2-1/2"]
[WhiteElo "2413"]
[BlackElo "2382"]
[PlyCount "70"]
[EventDate "2023.11.04"]
[EventType "tourn"]
[EventRounds "9"]
[EventCountry "HUN"]
[EventCategory "6"]
[SourceTitle "CB47_2023"]
[SourceDate "2023.11.22"]
[SourceVersion "1"]
[SourceVersionDate "2023.11.22"]
[SourceQuality "1"]

1. e4 c6 2. d4 d5 3. e5 Bf5 4. Nf3 e6 5. Be2 c5 6. c3 Nc6 7. 0-0 cxd4 8. cxd4 Nge7 9. Nc3 Bg4 10. Nh4 Bxe2 11. Nxe2 Ng6 12. Nf3 Be7 13. g3 0-0 14. h4 f6 15. Nf4 Nxf4 16. Bxf4 Qe8 17. exf6 Rxf6 18. Re1 Qf8 19. Ng5 h6 20. Nh3 Bd6 21. Qd3 Bxf4 22. Nxf4 Rxf4 23. gxf4 Qxf4 24. Qe3 Qxh4 25. Qxe6+ Kh8 26. Qf7 Qg4+ 27. Kf1 Qh3+ 28. Kg1 Nxd4 29. Re3 Qg4+ 30. Kf1 Nf5 31. Rb3 Qc4+ 32. Kg1 Qg4+ 33. Kf1 Qc4+ 34. Kg1 Qg4+ 35. Kf1 Qc4+ 1/2-1/2

[Event "Budapest FS11 GM"]
[Site "Budapest"]
[Date "2023.11.13"]
[Round "8"]
[White "Xie, Kaifan"]
[Black "Panesar, Vedant"]
[Result "1/2-1/2"]
[WhiteElo "2382"]
[BlackElo "2391"]
[PlyCount "53"]
[EventDate "2023.11.04"]
[EventType "tourn"]
[EventRounds "9"]
[EventCountry "HUN"]
[EventCategory "6"]
[SourceTitle "CB47_2023"]
[SourceDate "2023.11.22"]
[SourceVersion "1"]
[SourceVersionDate "2023.11.22"]
[SourceQuality "1"]

1. d4 Nf6 2. c4 e6 3. Nf3 d5 4. Nc3 Be7 5. Bg5 h6 6. Bxf6 Bxf6 7. e3 0-0 8. Rc1 c6 9. Bd3 Nd7 10. 0-0 dxc4 11. Bxc4 e5 12. Ne4 exd4 13. Nxf6+ Qxf6 14. Qxd4 Qxd4 15. Nxd4 Nb6 16. Bb3 Bd7 17. Rfd1 Rad8 18. e4 Rfe8 19. f3 Kf8 20. Kf2 Bc8 21. Rd2 Na8 22. Rcd1 Nc7 23. Ke3 Nd5+ 24. Kf2 Nc7 25. Ke3 Nd5+ 26. Kf2 Nc7 27. Ke3 1/2-1/2

[Event "Abu Dhabi op 29th"]
[Site "Abu Dhabi"]
[Date "2023.08.23"]
[Round "8"]
[White "Mayank, Chakraborty"]
[Black "Xie, Kaifan"]
[Result "1/2-1/2"]
[WhiteElo "2322"]
[BlackElo "2369"]
[PlyCount "60"]
[EventDate "2023.08.16"]
[EventType "swiss"]
[EventRounds "9"]
[EventCountry "UAE"]
[SourceTitle "EXT 2024"]
[Source "ChessBase"]
[SourceDate "2023.10.10"]
[SourceVersion "1"]
[SourceVersionDate "2023.10.10"]
[SourceQuality "1"]

1. e4 c6 2. d4 d5 3. exd5 cxd5 4. c4 Nf6 5. Nc3 e6 6. cxd5 exd5 7. Nf3 Bb4 8. Bd3 0-0 9. 0-0 h6 10. h3 Nc6 11. Bf4 Re8 12. Nb5 Ba5 13. Nd6 Re7 14. Nxc8 Rxc8 15. Bf5 Ra8 16. Ne5 Bc7 17. Re1 Qe8 18. Nxc6 Rxe1+ 19. Qxe1 Qxe1+ 20. Rxe1 Bxf4 21. Ne5 g6 22. Bg4 Re8 23. Bf3 Nd7 24. Bxd5 Nxe5 25. dxe5 Rxe5 26. Rd1 Re2 27. g3 Bc7 28. Bc4 Re7 29. Kg2 Kg7 30. h4 Bb6 1/2-1/2

[Event "Abu Dhabi op 29th"]
[Site "Abu Dhabi"]
[Date "2023.08.22"]
[Round "7"]
[White "Xie, Kaifan"]
[Black "Faizrakhmanov, Ramil"]
[Result "0-1"]
[WhiteElo "2369"]
[BlackElo "2461"]
[PlyCount "100"]
[EventDate "2023.08.16"]
[EventType "swiss"]
[EventRounds "9"]
[EventCountry "UAE"]
[SourceTitle "EXT 2024"]
[Source "ChessBase"]
[SourceDate "2023.10.10"]
[SourceVersion "1"]
[SourceVersionDate "2023.10.10"]
[SourceQuality "1"]

1. d4 Nf6 2. c4 e6 3. Nc3 Bb4 4. Qc2 0-0 5. e4 d5 6. e5 Ne4 7. Bd3 c5 8. Nf3 cxd4 9. Nxd4 Nd7 10. Bf4 Ndc5 11. 0-0 Nxd3 12. Qxd3 Bxc3 13. bxc3 b6 14. cxd5 Qxd5 15. Rfd1 Bb7 16. c4 Qa5 17. Nb3 Qb4 18. Be3 Rfc8 19. Rac1 h6 20. f3 Ng5 21. Rd2 Rc7 22. Rdc2 Rac8 23. Qd4 Nh7 24. c5 Qb5 25. Rc3 Bd5 26. cxb6 Rxc3 27. Rxc3 Rxc3 28. Qxc3 axb6 29. Nc1 Nf8 30. a4 Qxa4 31. Bxb6 Ng6 32. Qd4 Qc2 33. Nd3 Bc4 34. Ne1 Qe2 35. Qf2 Qxe5 36. Qe3 Qb5 37. Bd4 Qb1 38. Kf2 Qa2+ 39. Kg1 f6 40. Bc3 e5 41. Qd2 Qa6 42. Nc2 Nf4 43. Bb4 Qa7+ 44. Qe3 Qa2 45. Qd2 Nd5 46. Ne3 Qb1+ 47. Kf2 Nxe3 48. Kxe3 Qg1+ 49. Qf2 Qxh2 50. Qe1 Qxg2 0-1

[Event "Abu Dhabi op 29th"]
[Site "Abu Dhabi"]
[Date "2023.08.16"]
[Round "1"]
[White "Xie, Kaifan"]
[Black "Song, Raymond"]
[Result "1/2-1/2"]
[WhiteElo "2369"]
[BlackElo "2512"]
[PlyCount "53"]
[EventDate "2023.08.16"]
[EventType "swiss"]
[EventRounds "9"]
[EventCountry "UAE"]
[SourceTitle "EXT 2024"]
[Source "ChessBase"]
[SourceDate "2023.10.10"]
[SourceVersion "1"]
[SourceVersionDate "2023.10.10"]
[SourceQuality "1"]

1. d4 d5 2. c4 e6 3. Nc3 a6 4. cxd5 exd5 5. Nf3 Nf6 6. Bg5 Be6 7. Qb3 Nbd7 8. e3 Rb8 9. Qc2 Bd6 10. Bd3 c6 11. Bf4 Qc7 12. Bxd6 Qxd6 13. 0-0 Bg4 14. Nh4 0-0 15. h3 Be6 16. a3 a5 17. Rab1 Rfe8 18. Nf3 g6 19. Rfc1 Kg7 20. b4 axb4 21. Rxb4 b6 22. Na4 Rec8 23. Ba6 Rc7 24. Bd3 Rcc8 25. Ba6 Rc7 26. Bd3 Rcc8 27. Ba6 1/2-1/2

[Event "CHN-ch"]
[Site "Xinghua"]
[Date "2023.05.11"]
[Round "6"]
[White "Xie, Kaifan"]
[Black "Zhu, Hengyi"]
[Result "1/2-1/2"]
[WhiteElo "2207"]
[BlackElo "2245"]
[PlyCount "86"]
[EventDate "2023.05.06"]
[EventType "tourn"]
[EventRounds "11"]
[EventCountry "CHN"]
[EventCategory "9"]
[SourceTitle "CBM 215 Extra"]
[Source "ChessBase"]
[SourceDate "2023.09.30"]
[SourceVersion "1"]
[SourceVersionDate "2023.09.30"]
[SourceQuality "1"]

1. d4 g6 2. c4 Bg7 3. Nf3 d6 4. Nc3 e5 5. g3 Ne7 6. Bg2 0-0 7. 0-0 c6 8. e4 Qc7 9. Be3 b6 10. c5 dxc5 11. dxc5 Ba6 12. Qd6 Qxd6 13. cxd6 Nc8 14. Rfd1 Rd8 15. Bh3 Nxd6 16. Rd2 Kf8 17. Rad1 Ke7 18. Bg5+ f6 19. Be3 Bc4 20. Nxe5 fxe5 21. Bg5+ Bf6 22. Bxf6+ Kxf6 23. Rxd6+ Rxd6 24. Rxd6+ Ke7 25. Rd2 g5 26. b3 Bf7 27. Bc8 a5 28. Na4 b5 29. Nc5 Ra7 30. f3 h6 31. Kf2 Rc7 32. Bf5 Ra7 33. Ke3 a4 34. bxa4 bxa4 35. a3 Ra5 36. Rc2 Na6 37. Nxa6 Rxa6 38. f4 exf4+ 39. gxf4 Rb6 40. fxg5 hxg5 41. Kd4 Be6 42. Bxe6 Kxe6 43. Rc5 g4 1/2-1/2

[Event "China zt 3.5"]
[Site "Shenzhen"]
[Date "2023.04.11"]
[Round "7"]
[White "Xie, Kaifan"]
[Black "Shao, Wenbin"]
[Result "1-0"]
[WhiteElo "2270"]
[BlackElo "2236"]
[PlyCount "239"]
[EventDate "2023.04.05"]
[EventType "swiss"]
[EventRounds "9"]
[EventCountry "CHN"]
[SourceTitle "CBM 213 Extra"]
[Source "ChessBase"]
[SourceDate "2023.05.31"]
[SourceVersion "1"]
[SourceVersionDate "2023.05.31"]
[SourceQuality "1"]

1. d4 Nf6 2. c4 e6 3. g3 d5 4. Nf3 Be7 5. Bg2 0-0 6. 0-0 dxc4 7. Qa4 a6 8. Qxc4 b5 9. Qc2 Bb7 10. Bd2 Be4 11. Qc1 Bb7 12. Bf4 Nd5 13. Nc3 Nxf4 14. Qxf4 Bd6 15. Qe3 Nd7 16. Ne4 Qe7 17. Rac1 Bxe4 18. Qxe4 c5 19. b3 Rfd8 20. Rfd1 Nf6 21. Qc2 Rac8 22. Qc3 c4 23. Ne5 Nd5 24. Qa5 c3 25. Bxd5 exd5 26. Qxa6 Qe8 27. Rc2 b4 28. Nd3 Qe4 29. Ne1 h5 30. Qd3 Qe6 31. Nf3 g6 32. h4 Re8 33. Ng5 Qg4 34. Qf3 Qxf3 35. Nxf3 Ra8 36. Ne1 Ra3 37. Nd3 Rea8 38. Nc1 f5 39. e3 Kf7 40. Kg2 Ke6 41. Re1 Kf6 42. Ree2 Rg8 43. Nd3 Re8 44. Ne1 Ke6 45. Kf1 Kd7 46. Nd3 Kc6 47. Ke1 Kb5 48. Kd1 Rea8 49. Ke1 Re8 50. Kf1 Kc6 51. Kg2 Kd7 52. Kf3 Re4 53. Re1 Re8 54. Ke2 Kc6 55. Rg1 Rea8 56. Nc1 Re8 57. Kd3 Re6 58. Ne2 Re8 59. Rg2 Rea8 60. Nc1 Re8 61. Ke2 Re6 62. Nd3 Re8 63. Kd1 Rea8 64. Nc1 Re8 65. Re2 Ra7 66. Rg1 Kb5 67. Kc2 Rae7 68. Nd3 Re4 69. Ree1 R4e7 70. Kb1 Ra7 71. Re2 Re4 72. a4+ Kc6 73. Kc2 Rae7 74. Ree1 R4e6 75. Ra1 Ra7 76. Rg2 Ra8 77. Kd1 Kd7 78. Ke2 Ra6 79. Rgg1 Re8 80. Ne1 Re6 81. Nf3 Re8 82. Kd3 Kc6 83. Ng5 Kd7 84. Rae1 Kc6 85. Rg2 Ra7 86. Re2 Rae7 87. f3 Rf8 88. Rg1 Bc7 89. Nh3 Bd6 90. Ng5 Bc7 91. e4 fxe4+ 92. fxe4 dxe4+ 93. Nxe4 Rf3+ 94. Kc4 Bd6 95. Rge1 Rc7 96. Nc5 Bxc5 97. dxc5 Rxg3 98. Re6+ Kb7 99. Kxb4 c2 100. Rc1 Ka7 101. a5 Rg2 102. Re4 Ka6 103. Rc4 Rb7+ 104. Ka4 Rg3 105. b4 g5 106. c6 Rb8 107. hxg5 Rxg5 108. R1xc2 Rg1 109. Rc1 Rg2 110. R4c2 Rg4 111. Rc4 Rg2 112. Rh1 Rg5 113. Rd4 Rc8 114. Rc1 Rg2 115. b5+ Ka7 116. Rd7+ Kb8 117. b6 Rg5 118. Rb7+ Ka8 119. Ra7+ Kb8 120. c7+ 1-0

[Event "China zt 3.5"]
[Site "Shenzhen"]
[Date "2023.04.07"]
[Round "3"]
[White "Wu, Yixing"]
[Black "Xie, Kaifan"]
[Result "1-0"]
[WhiteElo "1972"]
[BlackElo "2270"]
[PlyCount "53"]
[EventDate "2023.04.05"]
[EventType "swiss"]
[EventRounds "9"]
[EventCountry "CHN"]
[SourceTitle "CBM 213 Extra"]
[Source "ChessBase"]
[SourceDate "2023.05.31"]
[SourceVersion "1"]
[SourceVersionDate "2023.05.31"]
[SourceQuality "1"]

1. d4 Nf6 2. Nc3 d5 3. Bf4 c5 4. e3 e6 5. Nb5 Na6 6. c3 Be7 7. h3 0-0 8. Nf3 Qb6 9. a4 Bd7 10. dxc5 Bxc5 11. Be2 Rfc8 12. 0-0 Bf8 13. Nfd4 Nc5 14. Bc7 Qa6 15. b4 Nce4 16. f3 b6 17. fxe4 Qb7 18. Be5 Nxe4 19. Bd3 f6 20. Bxe4 dxe4 21. Rxf6 gxf6 22. Qg4+ Bg7 23. Nd6 h5 24. Qg3 fxe5 25. Nxb7 exd4 26. exd4 Rc6 27. b5 1-0

[Event "CHN-chT Div-B"]
[Site "Hainan"]
[Date "2023.02.11"]
[Round "9"]
[White "Yu, Kaifeng"]
[Black "Xie, Kaifan"]
[Result "1/2-1/2"]
[WhiteElo "2344"]
[BlackElo "2224"]
[PlyCount "60"]
[EventDate "2023.02.06"]
[EventType "team-tourn"]
[EventRounds "9"]
[EventCountry "CHN"]
[SourceTitle "CBM 213 Extra"]
[Source "ChessBase"]
[SourceDate "2023.05.31"]
[SourceVersion "1"]
[SourceVersionDate "2023.05.31"]
[SourceQuality "1"]
[WhiteTeam "Shenzhen Yinsheng CA"]
[BlackTeam "Hangzhou Chess Assoc"]
[WhiteTeamCountry "CHN"]
[BlackTeamCountry "CHN"]

1. e4 c5 2. Nf3 d6 3. d4 cxd4 4. Nxd4 Nf6 5. Nc3 Nc6 6. Bg5 e6 7. Qd2 a6 8. 0-0-0 h6 9. Bf4 Bd7 10. Nxc6 Bxc6 11. f3 d5 12. exd5 Nxd5 13. Nxd5 Qxd5 14. Kb1 Qxd2 15. Rxd2 Bc5 16. Bd3 Ke7 17. Re1 Rad8 18. Kc1 Bd6 19. Bxd6+ Rxd6 20. Be4 Rxd2 21. Kxd2 Rd8+ 22. Kc1 Bd5 23. b3 g5 24. Bxd5 Rxd5 25. c4 Rd4 26. Rd1 Rxd1+ 27. Kxd1 Kd6 28. Kd2 f5 29. g4 Ke5 30. Ke3 Kf6 1/2-1/2

[Event "Johor op-A 7th"]
[Site "Johor"]
[Date "2022.12.30"]
[Round "8"]
[White "Xie, Kaifan"]
[Black "Tamhankar, Siddhant"]
[Result "1-0"]
[WhiteElo "2123"]
[BlackElo "1943"]
[PlyCount "61"]
[EventDate "2022.12.26"]
[EventType "swiss"]
[EventRounds "9"]
[EventCountry "MAS"]
[SourceTitle "CBM 212 Extra"]
[Source "ChessBase"]
[SourceDate "2023.03.31"]
[SourceVersion "1"]
[SourceVersionDate "2023.03.31"]
[SourceQuality "1"]

1. d4 Nf6 2. c4 g6 3. Nc3 Bg7 4. e4 d6 5. f3 0-0 6. Be3 Nc6 7. Qd2 a6 8. Nge2 Rb8 9. h4 h5 10. 0-0-0 b5 11. Bh6 bxc4 12. g4 Nb4 13. Ng3 c5 14. d5 Bxh6 15. Qxh6 Bxg4 16. fxg4 Nxg4 17. Qf4 Ne5 18. a3 Nbd3+ 19. Bxd3 cxd3 20. Nxh5 Kh7 21. Ng3 Rxb2 22. Kxb2 Qa5 23. Nf5 Kg8 24. Qh6 gxf5 25. Rhg1+ Ng4 26. Rxg4+ fxg4 27. Qg5+ Kh7 28. Qh5+ Kg7 29. Qxg4+ Kh6 30. Qg5+ Kh7 31. Qh5+ 1-0

[Event "Penang op-A 14th"]
[Site "Penang"]
[Date "2022.12.23"]
[Round "8"]
[White "Xie, Kaifan"]
[Black "Poh, Yu Tian"]
[Result "1/2-1/2"]
[WhiteElo "2123"]
[BlackElo "2367"]
[PlyCount "31"]
[EventDate "2022.12.19"]
[EventType "swiss"]
[EventRounds "9"]
[EventCountry "MAS"]
[SourceTitle "CBM 211 Extra"]
[Source "ChessBase"]
[SourceDate "2023.01.31"]
[SourceVersion "1"]
[SourceVersionDate "2023.01.31"]
[SourceQuality "1"]

1. d4 Nf6 2. c4 g6 3. Nc3 d5 4. Nf3 Bg7 5. Bg5 Ne4 6. Bf4 Nxc3 7. bxc3 c5 8. e3 0-0 9. cxd5 Qxd5 10. Be2 cxd4 11. cxd4 Nc6 12. 0-0 Bf5 13. Nh4 Be6 14. Nf3 Bf5 15. Nh4 Be6 16. Nf3 1/2-1/2

[Event "Penang op-A 14th"]
[Site "Penang"]
[Date "2022.12.20"]
[Round "3"]
[White "Nolte, Rolando"]
[Black "Xie, Kaifan"]
[Result "0-1"]
[WhiteElo "2387"]
[BlackElo "2123"]
[PlyCount "118"]
[EventDate "2022.12.19"]
[EventType "swiss"]
[EventRounds "9"]
[EventCountry "MAS"]
[SourceTitle "CBM 211 Extra"]
[Source "ChessBase"]
[SourceDate "2023.01.31"]
[SourceVersion "1"]
[SourceVersionDate "2023.01.31"]
[SourceQuality "1"]

1. e4 c6 2. d3 d5 3. Nd2 e5 4. Ngf3 Bd6 5. d4 exd4 6. exd5 Nf6 7. dxc6 Nxc6 8. Be2 0-0 9. 0-0 Bc7 10. Nb3 Bb6 11. Bg5 Qd6 12. Bh4 Bf5 13. h3 Ne4 14. Nbd2 Qg6 15. Nxe4 Bxe4 16. Bd3 Rfe8 17. Re1 Bxd3 18. Rxe8+ Rxe8 19. cxd3 h6 20. Bg3 Re7 21. Qb3 Bc5 22. a3 Bd6 23. Nh4 Qe6 24. Qxe6 Rxe6 25. Bxd6 Rxd6 26. Nf3 Nd8 27. Rc1 Ne6 28. g3 Rb6 29. Rc8+ Kh7 30. Rc2 Rb3 31. Kf1 Kg6 32. Ke2 a5 33. Nd2 Rb5 34. f4 h5 35. Ne4 Rd5 36. Kf3 f5 37. Nd2 Nc5 38. Ke2 h4 39. Nf3 hxg3 40. Ne5+ Kh5 41. Kf3 Kh4 42. Rg2 Rxe5 43. fxe5 f4 44. Kxf4 Nxd3+ 45. Ke4 Nxe5 46. Kxe5 Kxh3 47. Rc2 g2 48. Rc1 Kh2 49. Kxd4 g1Q+ 50. Rxg1 Kxg1 51. b4 axb4 52. axb4 Kf2 53. Ke5 Ke3 54. b5 g5 55. Kf5 Kd4 56. Kxg5 Kc5 57. Kf4 Kxb5 58. Ke3 Kc4 59. Kd2 Kb3 0-1

[Event "Penang op-A 14th"]
[Site "Penang"]
[Date "2022.12.19"]
[Round "1"]
[White "Ernest, Yek Zu Yang"]
[Black "Xie, Kaifan"]
[Result "0-1"]
[WhiteElo "1471"]
[BlackElo "2123"]
[PlyCount "74"]
[EventDate "2022.12.19"]
[EventType "swiss"]
[EventRounds "9"]
[EventCountry "MAS"]
[SourceTitle "CBM 211 Extra"]
[Source "ChessBase"]
[SourceDate "2023.01.31"]
[SourceVersion "1"]
[SourceVersionDate "2023.01.31"]
[SourceQuality "1"]

1. c4 e6 2. Nc3 Nf6 3. e4 c5 4. Nf3 Nc6 5. d4 cxd4 6. Nxd4 Bb4 7. Nxc6 bxc6 8. Bg5 h6 9. Bxf6 Qxf6 10. Qd3 Rb8 11. Be2 Ba5 12. 0-0 Rxb2 13. Na4 Rd2 14. Qe3 Qd4 15. Qxd4 Rxd4 16. f3 Rd2 17. Kf2 Ba6 18. Rfc1 Ke7 19. Kf1 Rb8 20. f4 Rb4 21. Nc5 Rbb2 22. Re1 Rxe2 23. Rxe2 Bxc4 24. Kf2 Rxe2+ 25. Kf3 Bb6 26. Rc1 Bxc5 27. Rxc4 Re3+ 28. Kg4 Bb6 29. e5 Re2 30. Kf3 Rxa2 31. Rc1 a5 32. Rb1 Bc5 33. Rb8 a4 34. Ra8 a3 35. h4 Rb2 36. g4 a2 37. Ke4 Rb4+ 0-1